000 01035nac a22002411u 4500
010 _a 89036569
020 _a0471505463
082 0 0 _a363
_bRAI
090 _c6481
_d6481
100 _aRainer, George.
245 1 0 _aUnderstanding infrastructure :
_ba guide for architects and planners /
_cGeorge Rainer.
260 _aNew York :
_bWiley,c1990.
_cc1990.
300 _axxiv, 278 p. :
_bill. ;
_c24 cm.
500 _a"A Wiley-Interscience publication."
500 _aDistributer: Al-Ahram.
504 _aIncludes bibliographical references and index.
511 _aCatalogued By: Mahitab.
650 0 _aInfrastructure (Economics)
_zUnited States
_xHandbooks, manuals, etc.
856 4 2 _3Contributor biographical information
_uhttp://www.loc.gov/catdir/bios/wiley042/89036569.html
856 4 2 _3Publisher description
_uhttp://www.loc.gov/catdir/description/wiley034/89036569.html
856 4 2 _3Table of Contents
_uhttp://www.loc.gov/catdir/toc/onix05/89036569.html
942 _cBB
_k363RAI
999 _c6481
_d6481